Everyday mathematics : My reference book
For Grades 1-2, this resource contains explanations of key mathematical content, with directions to the Everyday Mathematics® games. A young learner's first mathematical reference book.
Guardado en:
| Formato: | Libro |
|---|---|
| Lenguaje: | Undetermined |
| Publicado: |
Chicago, ill.
McGraw-Hill Education
2012
|
| Materias: | |
| Etiquetas: |
Agregar Etiqueta
Sin Etiquetas, Sea el primero en etiquetar este registro!
|
| Thư viện lưu trữ: | Trung tâm Học liệu Trường Đại học Cần Thơ |
|---|
| LEADER | 00743nam a2200193Ia 4500 | ||
|---|---|---|---|
| 001 | CTU_226817 | ||
| 008 | 210402s9999 xx 000 0 und d | ||
| 082 | |a 372.7 | ||
| 082 | |b E93/G.1-2 | ||
| 245 | 0 | |a Everyday mathematics : | |
| 245 | 0 | |b My reference book | |
| 260 | |a Chicago, ill. | ||
| 260 | |b McGraw-Hill Education | ||
| 260 | |c 2012 | ||
| 520 | |a For Grades 1-2, this resource contains explanations of key mathematical content, with directions to the Everyday Mathematics® games. A young learner's first mathematical reference book. | ||
| 650 | |a Toán học,Mathematics | ||
| 650 | |x Dạy và học (Tiểu học),Study and teaching (Elementary) | ||
| 910 | |b nthai | ||
| 980 | |a Trung tâm Học liệu Trường Đại học Cần Thơ | ||